000 00645nam a2200229Ia 4500
003 OSt
005 20220926043301.0
006 a|||||r|||| 00| 0
007 ta
008 220923b |||||||| |||| 00| 0 eng d
037 _cGeneral Book
040 _aRTL
_cRTL
_beng
041 _2eng
_aeng
082 _aX9J:531:5:N3, G5
110 _aLeague of Nations economic Committee
245 0 _aConsideraitons on the present evolution of agricul
260 _c1935
650 _aAgricultural Industry
700 _aLeague of Nations economic Committee
942 _hX9J:531:5:N3, G5
_cGB
_2CC
999 _c671964
_d671964